<?xml version="1.0" encoding="UTF-8"?><?xml-stylesheet type="text/xsl" href="static/style.xsl"?><OAI-PMH xmlns="http://www.openarchives.org/OAI/2.0/" xmlns:xsi="http://www.w3.org/2001/XMLSchema-instance" xsi:schemaLocation="http://www.openarchives.org/OAI/2.0/ http://www.openarchives.org/OAI/2.0/OAI-PMH.xsd"><responseDate>2026-04-18T00:21:41Z</responseDate><request verb="GetRecord" identifier="oai:www.recercat.cat:11351/8863" metadataPrefix="marc">https://recercat.cat/oai/request</request><GetRecord><record><header><identifier>oai:recercat.cat:11351/8863</identifier><datestamp>2025-10-24T10:35:38Z</datestamp><setSpec>com_2072_378070</setSpec><setSpec>com_2072_378040</setSpec><setSpec>col_2072_378092</setSpec></header><metadata><record xmlns="http://www.loc.gov/MARC21/slim" xmlns:dcterms="http://purl.org/dc/terms/" xmlns:xsi="http://www.w3.org/2001/XMLSchema-instance" xmlns:doc="http://www.lyncode.com/xoai" xsi:schemaLocation="http://www.loc.gov/MARC21/slim http://www.loc.gov/standards/marcxml/schema/MARC21slim.xsd">
   <leader>00925njm 22002777a 4500</leader>
   <datafield ind2=" " ind1=" " tag="042">
      <subfield code="a">dc</subfield>
   </datafield>
   <datafield ind2=" " ind1=" " tag="720">
      <subfield code="a">Wang, Yongjun</subfield>
      <subfield code="e">author</subfield>
   </datafield>
   <datafield ind2=" " ind1=" " tag="720">
      <subfield code="a">Pan, Yuesong</subfield>
      <subfield code="e">author</subfield>
   </datafield>
   <datafield ind2=" " ind1=" " tag="720">
      <subfield code="a">Li, Hao</subfield>
      <subfield code="e">author</subfield>
   </datafield>
   <datafield ind2=" " ind1=" " tag="720">
      <subfield code="a">Amarenco, Pierre</subfield>
      <subfield code="e">author</subfield>
   </datafield>
   <datafield ind2=" " ind1=" " tag="720">
      <subfield code="a">Denison, Hans</subfield>
      <subfield code="e">author</subfield>
   </datafield>
   <datafield ind2=" " ind1=" " tag="720">
      <subfield code="a">Evans, Scott R.</subfield>
      <subfield code="e">author</subfield>
   </datafield>
   <datafield ind2=" " ind1=" " tag="720">
      <subfield code="a">Molina Cateriano, Carlos</subfield>
      <subfield code="e">author</subfield>
   </datafield>
   <datafield ind2=" " ind1=" " tag="260">
      <subfield code="c">2023-01-17T07:38:09Z</subfield>
   </datafield>
   <datafield ind2=" " ind1=" " tag="260">
      <subfield code="c">2023-01-17T07:38:09Z</subfield>
   </datafield>
   <datafield ind2=" " ind1=" " tag="260">
      <subfield code="c">2022-07-05</subfield>
   </datafield>
   <datafield ind2=" " ind1=" " tag="520">
      <subfield code="a">Aspirin; Acute Ischemic Stroke, Benefit</subfield>
   </datafield>
   <datafield ind2=" " ind1=" " tag="520">
      <subfield code="a">Aspirina; Accidente cerebrovascular isquémico agudo; Beneficio</subfield>
   </datafield>
   <datafield ind2=" " ind1=" " tag="520">
      <subfield code="a">Aspirina; Accident cerebrovascular isquèmic agut; Benefici</subfield>
   </datafield>
   <datafield ind2=" " ind1=" " tag="520">
      <subfield code="a">Background and objectives: The goal of this work was to investigate the short-term time-course benefit and risk of ticagrelor with aspirin in acute mild-moderate ischemic stroke or high-risk TIA in The Acute Stroke or Transient Ischemic Attack Treated with Ticagrelor and ASA for Prevention of Stroke and Death (THALES) trial.&#xd;
Methods: In an exploratory analysis of the THALES trial, we evaluated the cumulative incidence of irreversible efficacy and safety outcomes at different time points during the 30-day treatment period. The efficacy outcome was major ischemic events defined as a composite of ischemic stroke or nonhemorrhagic death. The safety outcome was major hemorrhage defined as a composite of intracranial hemorrhage and fatal bleedings. Net clinical impact was defined as the combination of these 2 endpoints.&#xd;
Results: This analysis included a total of 11,016 patients (5,523 in the ticagrelor-aspirin group, 5,493 in the aspirin group) with a mean age of 65 years, and 39% were women. The reduction of major ischemic events by ticagrelor occurred in the first week (4.1% vs 5.3%; absolute risk reduction 1.15%, 95% CI 0.36%-1.94%) and remained throughout the 30-day treatment period. An increase in major hemorrhage was seen during the first week and remained relatively constant in the following weeks (absolute risk increase ≈0.3%). Cumulative analysis showed that the net clinical impact favored ticagrelor-aspirin in the first week (absolute risk reduction 0.97%, 95% CI, 0.17%-1.77%) and remained constant throughout the 30 days.&#xd;
Discussion: In patients with mild-moderate ischemic stroke or high-risk TIA, the treatment effect of ticagrelor-aspirin was present from the first week. The ischemic benefit of ticagrelor-aspirin outweighs the risk of major hemorrhage throughout the treatment period, which may support the use of 30-day treatment with ticagrelor and aspirin in these patients.&#xd;
Classification of evidence: This study provides Class II evidence that, for patients with mild-moderate ischemic stroke or high-risk TIA, the ischemic benefit of ticagrelor-aspirin outweighs the risk of major hemorrhage throughout the 30-day treatment period.</subfield>
   </datafield>
   <datafield ind2=" " ind1=" " tag="520">
      <subfield code="a">This study is supported by AstraZeneca.</subfield>
   </datafield>
   <datafield ind1="8" ind2=" " tag="024">
      <subfield code="a">http://hdl.handle.net/11351/8863</subfield>
   </datafield>
   <datafield tag="653" ind2=" " ind1=" ">
      <subfield code="a">Isquèmia cerebral - Tractament</subfield>
   </datafield>
   <datafield tag="653" ind2=" " ind1=" ">
      <subfield code="a">Plaquetes sanguínies - Agregació</subfield>
   </datafield>
   <datafield tag="653" ind2=" " ind1=" ">
      <subfield code="a">Analgèsics</subfield>
   </datafield>
   <datafield tag="653" ind2=" " ind1=" ">
      <subfield code="a">DISEASES::Nervous System Diseases::Central Nervous System Diseases::Brain Diseases::Cerebrovascular Disorders::Brain Ischemia</subfield>
   </datafield>
   <datafield tag="653" ind2=" " ind1=" ">
      <subfield code="a">Other subheadings::Other subheadings::Other subheadings::/drug therapy</subfield>
   </datafield>
   <datafield tag="653" ind2=" " ind1=" ">
      <subfield code="a">CHEMICALS AND DRUGS::Chemical Actions and Uses::Pharmacologic Actions::Therapeutic Uses::Hematologic Agents::Platelet Aggregation Inhibitors</subfield>
   </datafield>
   <datafield tag="653" ind2=" " ind1=" ">
      <subfield code="a">ENFERMEDADES::enfermedades del sistema nervioso::enfermedades del sistema nervioso central::enfermedades cerebrales::trastornos cerebrovasculares::isquemia cerebral</subfield>
   </datafield>
   <datafield tag="653" ind2=" " ind1=" ">
      <subfield code="a">Otros calificadores::Otros calificadores::Otros calificadores::/farmacoterapia</subfield>
   </datafield>
   <datafield tag="653" ind2=" " ind1=" ">
      <subfield code="a">COMPUESTOS QUÍMICOS Y DROGAS::acciones y usos químicos::acciones farmacológicas::usos terapéuticos::fármacos hematológicos::inhibidores de la agregación plaquetaria</subfield>
   </datafield>
   <datafield ind2="0" ind1="0" tag="245">
      <subfield code="a">Time Course for Benefit and Risk of Ticagrelor and Aspirin in Acute Ischemic Stroke or Transient Ischemic Attack</subfield>
   </datafield>
</record></metadata></record></GetRecord></OAI-PMH>